000 00389nam a2200133Ia 4500
008 231129s1985||||xx |||||||||||||| ||spa||
020 _a84-226-1041-8
040 _bspa
082 _aR 463 B582
245 0 _aLexis 22 : diccionario enciclopedico Vox : gramatica lengua estilo
260 _c1985
264 _aCirculo de Lectores
942 _2ddc
_cBKS
999 _c19179
_d19179